The midnight eye guide to new Japanese film /

Detalles Bibliográficos
Autor principal: Mes, Tom, 1974-
Otros Autores: Sharp, Jasper, 1971-, Nakata, Hideo
Formato: Libro
Lenguaje:English
Publicado: Berkeley, Calif. : Stone Bridge Press, 2021.
Edición:First edition.
Materias:
Classic Catalogue: View this record in Classic Catalogue
LEADER 01721nam a2200361 a 4500
001 45758
003 BD-DhAAL
005 20260511174759.0
008 260511t20212005caua b 001 0 eng
010 |a  2004022653 
020 |a 1880656892 
020 |a 9781880656891 
035 |a 13731176 
040 |a DLC  |c DLC  |d DLC  |d BD-DhAAL 
042 |a pcc 
043 |a a-ja--- 
050 0 0 |a PN1993.5.J3  |b M47 2005 
082 0 0 |a 791.430952  |2 22 
100 1 |a Mes, Tom,  |d 1974-  |9 60620 
245 1 4 |a The midnight eye guide to new Japanese film /  |c Tom Mes and Jasper Sharp ; foreword by Hideo Nakata. 
250 |a First edition. 
260 |a Berkeley, Calif. :  |b Stone Bridge Press,  |c 2021. 
300 |a xiv, 365 pages :  |b illustrations ;  |c 23 cm 
504 |a Includes bibliographical references (p. 346-348) and index. 
526 8 |a AAL 
541 1 |a Donated by Embassy of Japan in Bangladesh, Read Japan Project 2025, The Tokyo Foundation, supported by The Nippon Foundation.  |e 45758 
650 0 |a Motion pictures  |z Japan  |x History.  |9 60621 
700 1 |a Sharp, Jasper,  |d 1971-  |9 60622 
700 1 |a Nakata, Hideo.  |9 60623 
852 1 |a Ayesha Abed Library  |c General Stacks 
942 |2 ddc  |c BK 
999 |c 47919  |d 47919 
952 |0 0  |1 0  |2 ddc  |4 0  |6 791_430952000000000_MES  |7 0  |9 79176  |a BRACUL  |b BRACUL  |d 2026-05-11  |e Donated by Embassy of Japan in Bangladesh, Read Japan Project 2025, The Tokyo Foundation, supported by The Nippon Foundation.  |g 6113.00  |l 0  |o 791.430952 MES  |p 3010045758  |r 2026-05-11  |t 1  |v 12226.00  |w 2026-05-11  |y BK  |x Donated copy received from Embassy of Japan in Bangladesh, Read Japan Project 2025, The Tokyo Foundation, supported by The Nippon Foundation on 08 April 2026; $49.95 (11.05.2026) Price are available in the book.